00870nam a22002777a 450000100060000000300060000600500170001200800410002902000180007004000290008805000080011708200110012510000240013624500960016025000250025626000500028130000510033149000430038250500070042552000260043252100280045852100190048665000240050565000290052970000340055810156FISKH20260428133946.0260428b cb ||||| |||| 00| 0 eng d a9780462004549 aFISKHbengcFISKHdFISKH aPZ7 a823.92 aKnight, AmyeAuthor aThe big painting /cWritten by Amy Knight ; Illustrated by Dougal Borman and Lauren Fraser  aFirst published 2008 aLondon :bMarshall Cavendish Limited , c2008 a16 pages : bcolor illustrations ;c16 X 19 cm aMy Pals Are Here ! Reading Stars :v1e aG  aAnimals' paintings. 8 a350 bLexile estimate 8 aG bRaz-Plus  aPainting vAnimals  aChildrenvEarly readers  aBorman, Dougal dIllustrator